Statistics for Argentina First Level Subdivisions

Click here to take the quiz!

General Stats

  • This quiz has been taken 57 times
  • The average score is 16 of 24

Answer Stats

Provinces% Correct
Buenos Aires
100%
Ciudad de Buenos Aires
100%
Santa Fe
79%
Tierra del Fuego
79%
Córdoba
79%
San Juan
77%
Mendoza
77%
Salta
72%
Santa Cruz
69%
La Pampa
67%
La Rioja
64%
Chubut
64%
San Luis
64%
Neuquén
64%
Formosa
62%
Jujuy
62%
Tucumán
62%
Río Negro
62%
Corrientes
62%
Catamarca
59%
Misiones
56%
Entre Ríos
56%
Santiago del Estero
54%
Chaco
54%

Score Distribution

Percentile by Number Answered

Percent of People with Each Score

Your Score History

You have not taken this quiz